000 01067cam a2200217 4500
001 ABS67343
008 031209n2003 000 0 eng u
035 _a(Sirsi) u124586
100 _aNorwood, G.
245 _aSmart move?
260 _c2003
490 _aEstates Gazette
_v(0348) 29 November 2003, 115(1)
520 _aFeatures "smartnewhomes.co.uk", a house price index, which enables developers and property market analysts to calculate new homes' premiums for the first time. The website is supported by 77 house builders and carries details of 5 000 new homes from 1 600 developments, making it the largest online database of UK new homes. The index, updated monthly, is primarily aimed at helping purchasers decide between old and new homes by assessing how accurately price premiums reflect the higher build-quality of new homes.
590 _aABS
650 _aOLD HOMES
650 _aPREMIUM COSTS
650 _aNEW HOMES
650 _aHOUSING DEVELOPMENTS
690 _aPROPERTY-RESIDENTIAL PROPERTY-RESIDENTIAL PROPERTY MARKET
942 _n0
999 _c73934
_d73934